000
00225nam a2200097Ia 4500
008
240331s9999 xx 000 0 und d
082
_a
303.6
_b
SCH
100
_a
Schrijvers, J
245
4
_a
The violence of development
942
_c
L
999
_c
1288
_d
1288